Culture Générale - Série 2027 - Statistiques

Statistiques générales
  • Ce quiz a été pris 96 fois
  • Le résultat moyen est 4 sur 10
Statistiques - réponses
Question Réponse % Correct
Quel mot anglais désigne un espace gazonné au golf ? green
87%
Comment appelle-t-on la femelle du lièvre ? hase
84%
Couteau de poche pliable au manche en bois - 6 lettres commençant par " o " opinel
81%
De quelle île méditerranéenne est originaire la granita ou granité en français - sorte de sorbet ? Sicile
77%
Allumer ses quinquets, tomber de haut, ou " en avoir plein les .... 8 lettres commençant par " m " mirettes
63%
Ce col des Alpes françaises situé dans le département des Hautes-Alpes culmine à 2 058 m - 8 lettres commençant par " l " Lautaret
18%
Quel nom féminin signifie "contradiction, opposition totale" - 9 lettres commençant par " a" ? antinomie
16%
Abri de bois sans mur typique des cultures amérindiennes. On en trouve notamment en Guyane, au Brésil, au Suriname et dans certaines îles antillaises - voir photo carbet
3%
Composition de forme généralement théâtrale, en vers (entre 800 à 1300), représentant une action humaine où l'élément divin apparaît dans le dénouement miracle
3%
Pardon, grâce chez les Arabes - 4 lettres commençant par " a " aman
1%
Aucun quiz correspondant
Distribution des résultats
% des personnes avec chaque résultat
Percentile par nombre de réponses
Votre historique - résultats
Vous n’avez pas pris ce quiz